Southville International School and Colleges
Your cart is empty.
  • Cart
  • Lists
    Public lists Eva Luna New books Lux_list list_1
    Your lists Log in to create your own lists
  • Log in to your account
  • Your cookies
  • Search history
Southville International School and Colleges
  • Advanced search
  • Recent comments
  • Most popular
  • Libraries

Log in to your account

Log in with GOOGLE


If you do not have an external account, but do have a local account, you can still log in:

  1. Home
  2. MARC view: Enjoy Origami Paper Folding 3. /
Normal view MARC view ISBD view

Enjoy Origami Paper Folding 3. / (Record no. 12099)

[ view plain ]
MARC details
000 -LEADER
fixed length control field 00527nam a22001817a 4500
003 - CONTROL NUMBER IDENTIFIER
control field OSt
005 - DATE AND TIME OF LATEST TRANSACTION
control field 20140310182338.0
008 - FIXED-LENGTH DATA ELEMENTS--GENERAL INFORMATION
fixed length control field 130925t xxu||||| |||| 00| 0 eng d
020 ## - INTERNATIONAL STANDARD BOOK NUMBER
International Standard Book Number 8178132915
050 ## - LIBRARY OF CONGRESS CALL NUMBER
Classification number TT 870.3
Item number .Or40 v.3
100 ## - MAIN ENTRY--PERSONAL NAME
Personal name Zherebtsova Elena Sergeevna
9 (RLIN) 21649
245 ## - TITLE STATEMENT
Title Enjoy Origami Paper Folding 3. /
Statement of responsibility, etc Zherebtsova Elena Sergeevna.
260 ## - PUBLICATION, DISTRIBUTION, ETC. (IMPRINT)
Name of publisher, distributor, etc Sunrise Publishers.
300 ## - PHYSICAL DESCRIPTION
Extent 16 p. :
Other physical details ill. col. ;
Dimensions 28 cm.
651 ## - SUBJECT ADDED ENTRY--GEOGRAPHIC NAME
Geographic name paper folding
General subdivision origami
9 (RLIN) 21650
942 ## - ADDED ENTRY ELEMENTS (KOHA)
Source of classification or shelving scheme Library of Congress Classification
Koha item type
Holdings
Withdrawn status Lost status Source of classification or shelving scheme Damaged status Home library Current library Shelving location Date acquired Total Checkouts Full call number Barcode Date last seen Date checked out Copy number Price effective from Koha item type
    Library of Congress Classification   Luxembourg Library Luxembourg Library Grade School Section 09/25/2013 1 TT 870.3 .Or40 v.3 19509 05/22/2015 05/18/2015 1 09/25/2013 Books

Enjoy Origami Paper Folding 3. /

APA

Zherebtsova Elena Sergeevna, .Enjoy Origami Paper Folding 3. : Sunrise Publishers.

Chicago

Zherebtsova Elena Sergeevna, .Enjoy Origami Paper Folding 3. : Sunrise Publishers.

Harvard

Zherebtsova Elena Sergeevna, .Enjoy Origami Paper Folding 3. : Sunrise Publishers.

MLA

Zherebtsova Elena Sergeevna, .: Sunrise Publishers. .

  • Place hold
  • Print
  • Cite
  • Add to your cart (remove)
  • Save record
    BIBTEX Dublin Core MARCXML MARC (non-Unicode/MARC-8) MARC (Unicode/UTF-8) MARC (Unicode/UTF-8, Standard) MODS (XML) RIS
  • More searches
    Search for this title in:
    Other Libraries (WorldCat) Other Databases (Google Scholar) Online Stores (Bookfinder.com) Open Library (openlibrary.org)

Exporting to Dublin Core...

SOUTHVILLE LIBRARY

Southville International School and Colleges Library

1281 Tropical Ave. Cor. Luxembourg St., BF Homes International, Las Pinas City

Tel. No. 8256374 / 252358 Loc. 117/146

Powered by Koha